| 000 | 00556nam a2200217Ia 4500 | ||
|---|---|---|---|
| 003 | OSt | ||
| 005 | 20230529094142.0 | ||
| 008 | 210423s2014 xx 000 0 und d | ||
| 020 | _a978-94-007-7340-0 | ||
| 040 | _cAL | ||
| 041 | _aeng | ||
| 082 | _a621.366 GANL | ||
| 100 |
_aGANEEV (Rashid A) _9115518 |
||
| 245 | _aLaser surface interactions | ||
| 260 |
_aLondon _bSpringer Pvt Ltd _c2014 |
||
| 300 |
_axi,264 _bHB |
||
| 365 |
_b8502.23 _cEUR |
||
| 650 |
_aApplied Physics _9115519 |
||
| 906 | _ainteractions ; Laser ; surface | ||
| 942 |
_2ddc _cBK |
||
| 999 |
_c168253 _d168253 |
||